000 00381nam a2200145 i 4500
001 bg
100 1 _aMICHAŁOWSKI, Witold
245 0 _aBudowa rurociągu dalekiego zasięgu /
_cWitold Michałowski, Stanisław Trzop.
260 _aWarszawa,
_c1982.
700 1 _aTRZOP, Stanisław
040 _cBPK
041 _apol
942 _cKS
008 s pl f |000 0 pol
999 _c20284
_d20284
856 _uhttp://koha.tu.koszalin.pl/cgi-bin/koha/opac-detail.pl?biblionumber=20284
_yKatalog online BPK